Quiz sur la ligue des Champions pour les nuls - Statistiques

Statistiques générales
  • Ce quiz a été pris 714 fois
  • Le résultat moyen est 5 sur 10
Statistiques - réponses
Question Réponse % Correct
Quel est le club ayant remporté le plus de ligue des Champions ? Real Madrid
100%
Qui est est le meilleur buteur de cette compétition? Cristiano Ronaldo
99%
Quel est le seul club Français à l'avoir remporté? L'Olympique de Marseille
79%
Quel est le surnom du trophée de la ligue des Champions? La coupe aux grandes oreilles
54%
Quel coach a gagné le plus de ligue des Champions en tant qu'entraineur Carlo Ancelotti
52%
Combien d'équipes participent à chaque édition de la ligue des Champions? 36
48%
Quel est le club ayant perdu le plus de finale? Juventus
47%
Quel est le joueur l'ayant remporté le plus de fois? Francisco Gento
11%
Quel club affrontait le Real Madrid lors de la finale de la première édition Real Madrid - Stade de Reims
7%
Quel est l'ancien nom de la ligue des Champions? Coupe des clubs champions européens
5%
Aucun quiz correspondant
Distribution des résultats
% des personnes avec chaque résultat
Percentile par nombre de réponses
Votre historique - résultats
Vous n’avez pas pris ce quiz